[Event "Titled Tuesday intern op 16th Jan Early"]
[Site "Chess.com INT"]
[Date "2024.01.16"]
[Round "5"]
[White "Matthes, Aaron"]
[Black "Kuhn, Clement"]
[Result "0-1"]
[WhiteElo "2216"]
[BlackElo "2338"]
[PlyCount "60"]
[EventDate "2024.01.16"]
[EventType "swiss (blitz)"]
[EventRounds "11"]
[EventCountry "USA"]
[SourceTitle "CB04_2024"]
[SourceDate "2023.10.16"]
[SourceVersion "1"]
[SourceVersionDate "2023.10.16"]
[SourceQuality "1"]

1. Nf3 c5 2. g3 Nc6 3. Bg2 g6 4. 0-0 Bg7 5. c4 e5 6. Nc3 d6 7. Ne1 Be6 8. d3 Nge7 9. Bg5 0-0 10. Nc2 h6 11. Bxe7 Nxe7 12. Bxb7 Rb8 13. Bg2 Rxb2 14. Nb5 a6 15. Qc1 e4 16. d4 Bxc4 17. Qxb2 axb5 18. Rfe1 f5 19. Rad1 Nc6 20. e3 Qa5 21. Na3 Bd3 22. Qb3+ Kh7 23. dxc5 dxc5 24. h4 Ne5 25. h5 gxh5 26. Nb1 c4 27. Qc3 Nf3+ 28. Bxf3 Bxc3 29. Nxc3 Qxc3 30. Bxh5 b4 0-1

[Event "Titled Tuesday intern op 16th Jan Early"]
[Site "Chess.com INT"]
[Date "2024.01.16"]
[Round "4"]
[White "Perske, Thore"]
[Black "Matthes, Aaron"]
[Result "0-1"]
[WhiteElo "2449"]
[BlackElo "2216"]
[PlyCount "64"]
[EventDate "2024.01.16"]
[EventType "swiss (blitz)"]
[EventRounds "11"]
[EventCountry "USA"]
[SourceTitle "CB04_2024"]
[SourceDate "2023.10.16"]
[SourceVersion "1"]
[SourceVersionDate "2023.10.16"]
[SourceQuality "1"]

1. d4 Nf6 2. g3 d5 3. Bg2 e6 4. Nf3 Be7 5. 0-0 0-0 6. c4 c6 7. Nc3 b6 8. Nd2 Ba6 9. b3 Nbd7 10. Re1 Rc8 11. e4 dxe4 12. Ndxe4 c5 13. d5 exd5 14. Nxd5 Nxd5 15. cxd5 Bf6 16. Nxf6+ Qxf6 17. Rb1 Rfe8 18. Bb2 Qf5 19. Qf3 Qc2 20. Qg4 Ne5 21. Qg5 Qxb2 22. h4 Qd4 23. Rbd1 Qg4 24. d6 Qxg5 25. hxg5 Rcd8 26. f4 Nd7 27. Rxe8+ Rxe8 28. Bc6 Rd8 29. Re1 Kf8 30. Re7 Bc8 31. f5 Nb8 32. Rxa7 Nxc6 0-1

[Event "Titled Tuesday intern op 09th Jan Early"]
[Site "Chess.com INT"]
[Date "2024.01.09"]
[Round "2"]
[White "Hamblok, Roel"]
[Black "Matthes, Aaron"]
[Result "1-0"]
[WhiteElo "2241"]
[BlackElo "2216"]
[PlyCount "91"]
[EventDate "2024.01.09"]
[EventType "swiss (blitz)"]
[EventRounds "11"]
[EventCountry "USA"]
[SourceTitle "CB03_2024"]
[SourceDate "2024.01.17"]
[SourceVersion "1"]
[SourceVersionDate "2024.01.17"]
[SourceQuality "1"]

1. e4 b6 2. d4 Bb7 3. Bg5 Bxe4 4. d5 h6 5. Bh4 g5 6. Nc3 Bg6 7. Bg3 d6 8. h4 Bg7 9. Nf3 g4 10. Nd4 Bxd4 11. Qxd4 Nf6 12. h5 Bxc2 13. Rc1 Bf5 14. Nb5 Na6 15. Qa4 Nc5 16. Rxc5 bxc5 17. Nxd6+ Kf8 18. Nxf5 Qxd5 19. Ne3 Qd4 20. Qxd4 cxd4 21. Nf5 c5 22. Bc4 Ne4 23. Bf4 e6 24. Nxh6 Ke7 25. Nxg4 Rag8 26. f3 Nf6 27. Nxf6 Kxf6 28. Kf2 e5 29. Bc1 Re8 30. Rh4 Ke7 31. b3 f6 32. h6 Kd6 33. h7 Re7 34. Bg8 Rg7 35. Rh6 Ke7 36. Ba3 Rhxg8 37. Bxc5+ Ke6 38. hxg8Q+ Rxg8 39. Bxa7 Ra8 40. Rh7 f5 41. b4 e4 42. a4 Kd5 43. a5 e3+ 44. Ke2 Rc8 45. Rd7+ Kc4 46. Rxd4+ 1-0

[Event "Titled Tuesday intern op 09th Jan Early"]
[Site "Chess.com INT"]
[Date "2024.01.09"]
[Round "7"]
[White "Matthes, Aaron"]
[Black "Carnicelli, Valerio"]
[Result "1-0"]
[WhiteElo "2216"]
[BlackElo "2427"]
[PlyCount "95"]
[EventDate "2024.01.09"]
[EventType "swiss (blitz)"]
[EventRounds "11"]
[EventCountry "USA"]
[SourceTitle "CB03_2024"]
[SourceDate "2024.01.17"]
[SourceVersion "1"]
[SourceVersionDate "2024.01.17"]
[SourceQuality "1"]

1. Nf3 Nf6 2. g3 d5 3. d4 e6 4. Bg2 c5 5. 0-0 Nc6 6. c3 Be7 7. Bf4 0-0 8. Nbd2 b6 9. Ne5 Bb7 10. Ndf3 Rc8 11. a3 c4 12. Nxc6 Bxc6 13. Bg5 Qe8 14. Nd2 Ba4 15. Qc1 h6 16. Bxf6 Bxf6 17. e4 dxe4 18. Nxe4 Be7 19. Re1 Qd7 20. h4 Rfd8 21. Nd2 a5 22. Nf3 Bf6 23. Ne5 Qe7 24. Qf4 Qd6 25. Re2 b5 26. Qg4 Bb3 27. Qh5 Rc7 28. Ng4 Bxd4 29. cxd4 Qxd4 30. Ne3 Rc5 31. Qg4 Qxg4 32. Nxg4 Bd1 33. Re5 Rxe5 34. Nxe5 Rd2 35. Rb1 Bc2 36. Nf3 Rxf2 37. Kxf2 Bxb1 38. Nd2 Bd3 39. Ke3 Bg6 40. Bc6 b4 41. Nxc4 bxa3 42. bxa3 a4 43. Bxa4 Kf8 44. Bc6 Ke7 45. Be4 Bh5 46. Bf3 Bg6 47. a4 f6 48. a5 1-0

[Event "Titled Tuesday intern op 09th Jan Early"]
[Site "Chess.com INT"]
[Date "2024.01.09"]
[Round "4"]
[White "Matthes, Aaron"]
[Black "Ronka, Erik"]
[Result "1-0"]
[WhiteElo "2216"]
[BlackElo "2291"]
[PlyCount "67"]
[EventDate "2024.01.09"]
[EventType "swiss (blitz)"]
[EventRounds "11"]
[EventCountry "USA"]
[SourceTitle "CB03_2024"]
[SourceDate "2024.01.17"]
[SourceVersion "1"]
[SourceVersionDate "2024.01.17"]
[SourceQuality "1"]

1. Nf3 d5 2. g3 Nf6 3. Bg2 e6 4. 0-0 c5 5. d4 cxd4 6. Nxd4 e5 7. Nf3 Nc6 8. Bg5 Be6 9. Nc3 Be7 10. Ne1 e4 11. Nb5 h6 12. Be3 0-0 13. c3 Ng4 14. Bd4 a6 15. Na3 f5 16. Nec2 f4 17. f3 exf3 18. exf3 Nf6 19. gxf4 Nh5 20. Be5 Bc5+ 21. Nd4 Nxf4 22. Nac2 Nxe5 23. Kh1 Nxg2 24. Nxe6 Qf6 25. Nxc5 Nh4 26. Nd4 b6 27. Nce6 Rfe8 28. Nc7 Rac8 29. Nxe8 Rxe8 30. f4 Nc4 31. Qd2 Ne3 32. Rae1 Nhf5 33. Rf3 Nxd4 34. cxd4 1-0

[Event "Titled Tuesday intern op 09th Jan Early"]
[Site "Chess.com INT"]
[Date "2024.01.09"]
[Round "10"]
[White "Matthes, Aaron"]
[Black "Shuvalov, Evgenij"]
[Result "0-1"]
[WhiteElo "2216"]
[BlackElo "2079"]
[PlyCount "90"]
[EventDate "2024.01.09"]
[EventType "swiss (blitz)"]
[EventRounds "11"]
[EventCountry "USA"]
[SourceTitle "CB03_2024"]
[SourceDate "2024.01.17"]
[SourceVersion "1"]
[SourceVersionDate "2024.01.17"]
[SourceQuality "1"]

1. Nf3 Nf6 2. d4 g6 3. g3 Bg7 4. Bg2 0-0 5. 0-0 d5 6. b3 c5 7. Bb2 Ne4 8. Nbd2 Nc6 9. e3 Bg4 10. h3 Nxd2 11. Qxd2 Bf5 12. c3 Be4 13. dxc5 a5 14. a3 Qc8 15. b4 Rd8 16. Rfd1 Bxf3 17. Bxf3 Ne5 18. Bg2 Nc4 19. Qe2 axb4 20. axb4 Rxa1 21. Bxa1 e6 22. e4 Qa8 23. exd5 exd5 24. Bxd5 Rxd5 25. Rxd5 Qxa1+ 26. Rd1 Qxc3 27. Qe8+ Bf8 28. Rd8 Qg7 29. Qe4 b5 30. Rb8 Qf6 31. Qe8 Qg7 32. Qxb5 Nd2 33. Qe2 Qa1+ 34. Kg2 Qd4 35. Kg1 Qa1+ 36. Kh2 Qd4 37. c6 Qd5 38. c7 Nf3+ 39. Qxf3 Qxf3 40. Rxf8+ Kg7 41. Kg1 Qd1+ 42. Kg2 Qd5+ 43. Kf1 Qc4+ 44. Kg1 Kxf8 45. b5 Qxc7 0-1

[Event "Titled Tuesday intern op 19th Dec Early"]
[Site "Chess.com INT"]
[Date "2023.12.19"]
[Round "3"]
[White "Matthes, Aaron"]
[Black "Ghosh, Chanchal Kumer"]
[Result "1-0"]
[WhiteElo "2207"]
[BlackElo "2026"]
[PlyCount "109"]
[EventDate "2023.12.19"]
[EventType "swiss (blitz)"]
[EventRounds "11"]
[EventCountry "USA"]
[SourceTitle "CB52_2023"]
[SourceDate "2023.12.27"]
[SourceVersion "1"]
[SourceVersionDate "2023.12.27"]
[SourceQuality "1"]

1. Nf3 d5 2. g3 e6 3. Bg2 Nf6 4. 0-0 c5 5. d3 Nc6 6. Nbd2 Bd6 7. e4 0-0 8. Qe2 e5 9. b3 d4 10. a4 Bg4 11. Nc4 Bc7 12. Bd2 Qd7 13. a5 Nh5 14. h3 Bxh3 15. Bxh3 Qxh3 16. Ng5 Nxg3 17. fxg3 Qxg3+ 18. Qg2 Qxg2+ 19. Kxg2 Rae8 20. Nf3 f5 21. exf5 Rxf5 22. Ng5 g6 23. Ne4 Ref8 24. Nxc5 b6 25. Ne6 Rxf1 26. Rxf1 Rxf1 27. Kxf1 Bd8 28. Nxd8 Nxd8 29. axb6 axb6 30. Nxb6 Kf7 31. Nc4 Ke6 32. Ke2 Kd5 33. Kf3 Ne6 34. b4 h5 35. b5 Nc5 36. b6 Kc6 37. Nxe5+ Kxb6 38. Nxg6 Kc6 39. Ne5+ Kd5 40. Nc4 Nd7 41. Bg5 Nc5 42. Kg3 Ne6 43. Bh6 Nc5 44. Kh4 Na6 45. Bd2 Nc5 46. Kxh5 Na4 47. Kg4 Nc5 48. Kf4 Ne6+ 49. Kf5 Ng7+ 50. Kf6 Nh5+ 51. Kg5 Ng3 52. Kg4 Ne2 53. Kf3 Ng1+ 54. Kg2 Ne2 55. Kf2 1-0

[Event "Titled Tuesday intern op 19th Sep Late"]
[Site "Chess.com INT"]
[Date "2023.09.19"]
[Round "3"]
[White "Matthes, Aaron"]
[Black "Toniutti, Ezio"]
[Result "0-1"]
[WhiteElo "2204"]
[BlackElo "2184"]
[PlyCount "44"]
[EventDate "2023.09.19"]
[EventType "swiss (blitz)"]
[EventRounds "11"]
[EventCountry "USA"]
[SourceTitle "EXT 2024"]
[Source "ChessBase"]
[SourceDate "2023.10.10"]
[SourceVersion "1"]
[SourceVersionDate "2023.10.10"]
[SourceQuality "1"]

1. Nf3 d5 2. b3 Nf6 3. Bb2 Bf5 4. d4 e6 5. Nbd2 Be7 6. e3 0-0 7. Be2 h6 8. 0-0 Nbd7 9. c4 c6 10. Rc1 a5 11. Re1 a4 12. Nf1 axb3 13. axb3 Ra2 14. Bc3 Ne4 15. Ng3 Nxc3 16. Rxc3 Bb4 17. Nxf5 Bxc3 18. Ng3 Bxe1 19. Nxe1 Qa5 20. Bd3 Ra1 21. Bb1 Nf6 22. Qd3 Qxe1+ 0-1

[Event "Titled Tuesday intern op 19th Sep Late"]
[Site "Chess.com INT"]
[Date "2023.09.19"]
[Round "2"]
[White "Tifferet, Shaked"]
[Black "Matthes, Aaron"]
[Result "1-0"]
[WhiteElo "2280"]
[BlackElo "2204"]
[PlyCount "73"]
[EventDate "2023.09.19"]
[EventType "swiss (blitz)"]
[EventRounds "11"]
[EventCountry "USA"]
[SourceTitle "EXT 2024"]
[Source "ChessBase"]
[SourceDate "2023.10.10"]
[SourceVersion "1"]
[SourceVersionDate "2023.10.10"]
[SourceQuality "1"]

1. Nf3 Nf6 2. e3 g6 3. b3 Bg7 4. Bb2 0-0 5. c4 c6 6. Nc3 d5 7. Be2 Re8 8. 0-0 e5 9. Rc1 Bg4 10. h3 Bxf3 11. Bxf3 e4 12. Be2 Nbd7 13. cxd5 cxd5 14. Nb5 Rc8 15. Rxc8 Qxc8 16. Nd6 Qc6 17. Nxe8 Nxe8 18. Bxg7 Nxg7 19. d3 Ne5 20. dxe4 dxe4 21. Qd8+ Ne8 22. Rd1 Kg7 23. Qe7 Nd3 24. Bxd3 exd3 25. Rxd3 Nf6 26. Qe5 Qc1+ 27. Kh2 Qc2 28. Rd6 Qxf2 29. Qf4 Qb2 30. Qd4 Qf2 31. Rd7 h5 32. Rxb7 h4 33. Qf4 Qb2 34. Rxa7 Kg8 35. Ra8+ Kg7 36. Qxh4 Nh5 37. Qd4+ 1-0

[Event "Titled Tuesday intern op 12th Sep Early"]
[Site "Chess.com INT"]
[Date "2023.09.12"]
[Round "5"]
[White "Shuvalov, Evgenij"]
[Black "Matthes, Aaron"]
[Result "1/2-1/2"]
[WhiteElo "2073"]
[BlackElo "2204"]
[PlyCount "119"]
[EventDate "2023.09.12"]
[EventType "swiss (blitz)"]
[EventRounds "11"]
[EventCountry "USA"]
[SourceTitle "EXT 2024"]
[Source "ChessBase"]
[SourceDate "2023.10.10"]
[SourceVersion "1"]
[SourceVersionDate "2023.10.10"]
[SourceQuality "1"]

1. d4 d5 2. c4 e6 3. Nf3 Nf6 4. Nc3 c5 5. cxd5 Nxd5 6. e4 Nxc3 7. bxc3 cxd4 8. cxd4 Bb4+ 9. Bd2 Bxd2+ 10. Qxd2 0-0 11. h4 b6 12. h5 h6 13. Rh3 Bb7 14. Bd3 Nc6 15. e5 Ne7 16. Rg3 Kh8 17. Qf4 Nf5 18. Bxf5 exf5 19. Rd1 Be4 20. Nh4 Qc8 21. f3 Qc3+ 22. Kf2 Bc2 23. Rd2 Rad8 24. d5 Rfe8 25. Qd4 Qxd4+ 26. Rxd4 Rxe5 27. d6 Re6 28. d7 Re7 29. f4 Rexd7 30. Rxd7 Rxd7 31. Rc3 Be4 32. Nf3 Bxf3 33. Kxf3 g6 34. g4 fxg4+ 35. Kxg4 Kg7 36. Rc6 Rd2 37. a4 Rg2+ 38. Kf3 Ra2 39. hxg6 Rxa4 40. gxf7 Kxf7 41. Rxh6 b5 42. Kg4 b4 43. Kf5 Ra5+ 44. Ke4 Rb5 45. Rh7+ Ke6 46. Rxa7 b3 47. Ra1 Kd6 48. Rb1 Kc5 49. f5 Kc4 50. f6 Kc3 51. f7 Rb8 52. Ke5 Kc2 53. Rf1 b2 54. Ke6 Rb6+ 55. Ke7 Rb7+ 56. Ke8 b1Q 57. Rxb1 Kxb1 58. f8Q Rb8+ 59. Kf7 Rxf8+ 60. Kxf8 1/2-1/2

[Event "Berlin Werner Ott op"]
[Site "Berlin"]
[Date "2023.07.20"]
[Round "6"]
[White "Matthes, Aaron"]
[Black "Bruedigam, Martin"]
[Result "1/2-1/2"]
[WhiteElo "2209"]
[BlackElo "2379"]
[PlyCount "73"]
[EventDate "2023.07.15"]
[EventType "swiss"]
[EventRounds "9"]
[EventCountry "GER"]
[SourceTitle "EXT 2024"]
[Source "ChessBase"]
[SourceDate "2023.10.10"]
[SourceVersion "1"]
[SourceVersionDate "2023.10.10"]
[SourceQuality "1"]

1. d4 d5 2. c4 e6 3. Nc3 Nf6 4. cxd5 exd5 5. Bg5 c6 6. e3 Be7 7. Bd3 h6 8. Bh4 0-0 9. Nge2 Ne8 10. Bg3 Bd6 11. 0-0 Qe7 12. Re1 Nd7 13. e4 dxe4 14. Nxe4 Bxg3 15. N2xg3 Ndf6 16. Qb3 Qc7 17. Bc4 Nxe4 18. Nxe4 Bf5 19. Ng3 Bg6 20. d5 c5 21. Bd3 Bxd3 22. Qxd3 Nd6 23. Nh5 Qd8 24. Qc3 Qg5 25. Qxc5 Qxh5 26. Qxd6 Rfd8 27. Qe5 Rxd5 28. Qxh5 Rxh5 29. Re7 Rb5 30. b3 a5 31. Rc1 a4 32. bxa4 Rxa4 33. g3 g6 34. Rcc7 Rf5 35. Re2 Rfa5 36. Rxb7 Rxa2 37. Rxa2 1/2-1/2

[Event "Werther Schloss op 26th"]
[Site "Werther"]
[Date "2023.03.31"]
[Round "3"]
[White "Matthes, Aaron"]
[Black "Stemmler, Fabian"]
[Result "1-0"]
[WhiteElo "2239"]
[BlackElo "2095"]
[PlyCount "95"]
[EventDate "2023.03.30"]
[EventType "swiss"]
[EventRounds "7"]
[EventCountry "GER"]
[SourceTitle "CBM 213 Extra"]
[Source "ChessBase"]
[SourceDate "2023.05.31"]
[SourceVersion "1"]
[SourceVersionDate "2023.05.31"]
[SourceQuality "1"]

1. d4 d5 2. c4 c6 3. Nc3 Nf6 4. e3 e6 5. Nf3 Nbd7 6. Be2 Bd6 7. 0-0 0-0 8. b3 b6 9. Bb2 Bb7 10. Bd3 Qe7 11. Re1 Rfd8 12. Rc1 Rac8 13. e4 dxe4 14. Nxe4 Nxe4 15. Bxe4 Nf6 16. Bb1 Bf4 17. Rc2 c5 18. d5 Qc7 19. Rce2 Nxd5 20. cxd5 Rxd5 21. Qc2 Rh5 22. Be5 Bxe5 23. Rxe5 Bxf3 24. Rxh5 Bxh5 25. Qxh7+ Kf8 26. Qxh5 g6 27. Qh6+ Ke7 28. h4 Rd8 29. Qg5+ Kf8 30. Qf6 Kg8 31. Bxg6 fxg6 32. Qxg6+ Kh8 33. Qh6+ Kg8 34. Qxe6+ Kh8 35. Qe5+ Qxe5 36. Rxe5 Rd1+ 37. Kh2 Rd2 38. Re8+ Kg7 39. Re7+ Kg6 40. Rxa7 Rxf2 41. Kh3 Rd2 42. Ra6 Rd6 43. g3 Kf5 44. a4 Ke5 45. a5 b5 46. Rxd6 Kxd6 47. a6 Kc7 48. a7 1-0

[Event "Titled Tuesday intern op 20th Dec Late"]
[Site "Chess.com INT"]
[Date "2022.12.20"]
[Round "2"]
[White "Matthes, Aaron"]
[Black "Manukyan, Sargis V"]
[Result "1-0"]
[WhiteElo "2223"]
[BlackElo "2253"]
[PlyCount "125"]
[EventDate "2022.12.20"]
[EventType "swiss (blitz)"]
[EventRounds "11"]
[EventCountry "USA"]
[SourceTitle "EXT 2024"]
[Source "ChessBase"]
[SourceDate "2023.10.10"]
[SourceVersion "1"]
[SourceVersionDate "2023.10.10"]
[SourceQuality "1"]

1. d4 a6 2. Bf4 g6 3. Nc3 Bg7 4. e4 c5 5. Be3 cxd4 6. Bxd4 e5 7. Be3 Ne7 8. Nf3 Nbc6 9. Bc4 b5 10. Bb3 0-0 11. a3 Bb7 12. Bc5 Rc8 13. 0-0 Na5 14. Bd6 Nxb3 15. cxb3 f6 16. Qd2 Rf7 17. Rfd1 Qb6 18. Bxe7 Rxe7 19. Nd5 Bxd5 20. Qxd5+ Kh8 21. Rac1 Rxc1 22. Rxc1 Qb8 23. b4 h5 24. Qc5 Re6 25. Qd5 Rd6 26. Qf7 Kh7 27. Nh4 f5 28. exf5 g5 29. Nf3 g4 30. Nxe5 Rh6 31. Nxd7 Qf4 32. Rd1 Rd6 33. Nf8+ Kh8 34. Ng6+ Kh7 35. Re1 Rf6 36. Qxf6 Bxf6 37. Nxf4 Bg5 38. Nd5 Kg7 39. Re6 Kf7 40. Rxa6 h4 41. Nc3 h3 42. Nxb5 Bf4 43. Nd4 Be5 44. Ne6 Bxb2 45. b5 Bxa3 46. b6 Bd6 47. b7 Kf6 48. Rb6 Bb8 49. Nc5+ Kxf5 50. Nd7 Bc7 51. b8Q g3 52. Qf8+ Ke4 53. Re6+ Kd5 54. Qc5+ Kxe6 55. Qxc7 gxf2+ 56. Kxf2 hxg2 57. Kxg2 Ke7 58. Nc5+ Kf6 59. Qd6+ Kg5 60. Qe5+ Kh4 61. Qg7 Kh5 62. Kf3 Kh4 63. Qg4# 1-0

[Event "Titled Tuesday intern op 20th Dec Late"]
[Site "Chess.com INT"]
[Date "2022.12.20"]
[Round "1"]
[White "Matthes, Aaron"]
[Black "Shuvalova, Polina"]
[Result "0-1"]
[WhiteElo "2223"]
[BlackElo "2502"]
[PlyCount "76"]
[EventDate "2022.12.20"]
[EventType "swiss (blitz)"]
[EventRounds "11"]
[EventCountry "USA"]
[SourceTitle "EXT 2024"]
[Source "ChessBase"]
[SourceDate "2023.10.10"]
[SourceVersion "1"]
[SourceVersionDate "2023.10.10"]
[SourceQuality "1"]

1. d4 Nf6 2. Nf3 d5 3. g3 c5 4. Bg2 cxd4 5. 0-0 e6 6. Nxd4 Be7 7. b3 0-0 8. Bb2 Nc6 9. Nf3 b6 10. Nbd2 Bb7 11. Rc1 Bc5 12. c4 d4 13. a3 a5 14. Qc2 Qe7 15. Rfd1 e5 16. Nh4 Bxa3 17. Nf5 Qc5 18. Ne4 Nxe4 19. Bxe4 Bxb2 20. Qxb2 g6 21. Nh6+ Kg7 22. Ng4 f5 23. Nxe5 Qxe5 24. Bxc6 Bxc6 25. Rxd4 Rfe8 26. Rcd1 Re7 27. e3 Kf7 28. b4 a4 29. b5 Bf3 30. Ra1 Qc5 31. Qd2 a3 32. Rd6 a2 33. h4 Bb7 34. h5 Qe5 35. Rd4 Qf6 36. Rxa2 Rxa2 37. Qxa2 Kg7 38. hxg6 Qxd4 0-1

[Event "Berlin Werner Ott op"]
[Site "Berlin"]
[Date "2022.07.11"]
[Round "3"]
[White "Lippert, Daniel"]
[Black "Matthes, Aaron"]
[Result "0-1"]
[WhiteElo "2025"]
[BlackElo "2146"]
[PlyCount "106"]
[EventDate "2022.07.09"]
[EventType "swiss"]
[EventRounds "9"]
[EventCountry "GER"]
[SourceTitle "CBM 209 Extra"]
[Source "ChessBase"]
[SourceDate "2022.09.30"]
[SourceVersion "1"]
[SourceVersionDate "2022.09.30"]
[SourceQuality "1"]

1. e4 c5 2. Nf3 d6 3. Bb5+ Bd7 4. Bxd7+ Nxd7 5. 0-0 Ngf6 6. Qe2 e6 7. d4 cxd4 8. Nxd4 Be7 9. c4 Qa5 10. Nc3 Rc8 11. Nc2 a6 12. Bd2 Qc5 13. b3 0-0 14. Nb4 Bd8 15. Nd3 Qc6 16. Kh1 Ba5 17. Rac1 Bxc3 18. Bxc3 Qxe4 19. Qd2 d5 20. f3 Qg6 21. Nf4 Qh6 22. cxd5 Rxc3 23. Rxc3 e5 24. Rc7 b6 25. g3 exf4 26. gxf4 Re8 27. Rfc1 Qh3 28. R7c3 h6 29. b4 Qh5 30. Rd3 Qf5 31. Kg2 Nh5 32. Rc4 g5 33. fxg5 hxg5 34. Re3 Ne5 35. Rce4 Nf4+ 36. Kh1 f6 37. d6 Rd8 38. a4 Qe6 39. Qe1 Qxd6 40. h4 Qe6 41. Qg3 Qh3+ 42. Qxh3 Nxh3 43. Kh2 Nf4 44. hxg5 Rd2+ 45. Kh1 Nh3 46. Rxe5 fxe5 47. Rxe5 Kf7 48. g6+ Kf6 49. g7 Kxg7 50. Re6 Ng5 51. Re3 Kf6 52. f4 Ne6 53. Re4 Rd4 0-1

[Event "Berlin Werner Ott op"]
[Site "Berlin"]
[Date "2022.07.09"]
[Round "1"]
[White "Mayer, Herbert"]
[Black "Matthes, Aaron"]
[Result "0-1"]
[WhiteElo "1794"]
[BlackElo "2146"]
[PlyCount "34"]
[EventDate "2022.07.09"]
[EventType "swiss"]
[EventRounds "9"]
[EventCountry "GER"]
[SourceTitle "CBM 209 Extra"]
[Source "ChessBase"]
[SourceDate "2022.09.30"]
[SourceVersion "1"]
[SourceVersionDate "2022.09.30"]
[SourceQuality "1"]

1. f4 d5 2. b3 Bf5 3. Bb2 e6 4. Nf3 Nf6 5. e3 Be7 6. Be2 c5 7. 0-0 Nc6 8. Ne5 Nxe5 9. fxe5 Nd7 10. d4 Bg5 11. Rf3 0-0 12. Bc1 Rc8 13. c3 Be4 14. Rh3 f6 15. Bg4 Rc6 16. exf6 Qxf6 17. Qe1 cxd4 0-1

[Event "Titled Tuesday intern op 05th Apr Early"]
[Site "Chess.com INT"]
[Date "2022.04.05"]
[Round "9"]
[White "Matthes, Aaron"]
[Black "Shukhman, Anna"]
[Result "0-1"]
[WhiteElo "2130"]
[BlackElo "2014"]
[PlyCount "101"]
[EventDate "2022.04.05"]
[EventType "swiss (blitz)"]
[EventRounds "11"]
[EventCountry "USA"]
[SourceTitle "CBM 207 Extra"]
[Source "ChessBase"]
[SourceDate "2022.05.31"]
[SourceVersion "1"]
[SourceVersionDate "2022.05.31"]
[SourceQuality "1"]

1. Nf3 Nf6 2. c4 g6 3. g3 Bg7 4. Bg2 d5 5. cxd5 Nxd5 6. e4 Nb6 7. d4 Bg4 8. Be3 0-0 9. 0-0 Nc4 10. Nc3 Nxe3 11. fxe3 c5 12. Ne2 Nc6 13. d5 Bxf3 14. Bxf3 Ne5 15. Nc3 b5 16. Nxb5 Rb8 17. Qe2 Qb6 18. a4 a6 19. Na3 Qxb2 20. Nc4 Qxe2 21. Bxe2 Nxc4 22. Bxc4 Bxa1 23. Rxa1 Rb4 24. Bxa6 Ra8 25. Bd3 Raxa4 26. Rc1 c4 27. Be2 Kf8 28. Kf2 Rb2 29. Kf3 Raa2 30. Bxc4 Rf2+ 31. Kg4 Rac2 32. Rxc2 Rxc2 33. Bb5 Rxh2 34. e5 Rb2 35. Bc6 Rb4+ 36. Kf3 f6 37. e6 h5 38. e4 Rb3+ 39. Kf4 g5+ 40. Kf5 Rxg3 41. e5 Rf3+ 42. Kg6 h4 43. d6 Rd3 44. dxe7+ Kxe7 45. exf6+ Kxe6 46. f7 Ke7 47. Kg7 Rd8 48. Bd5 g4 49. Bh1 h3 50. Kg6 g3 51. Kg5 0-1

[Event "Cattolica Primavera op"]
[Site "Cattolica"]
[Date "2022.03.20"]
[Round "9"]
[White "Matthes, Aaron"]
[Black "Koukas, Anastasios"]
[Result "1/2-1/2"]
[WhiteElo "2124"]
[BlackElo "2040"]
[PlyCount "121"]
[EventDate "2022.03.16"]
[EventType "swiss"]
[EventRounds "9"]
[EventCountry "ITA"]
[SourceTitle "EXT 2023"]
[Source "ChessBase"]
[SourceDate "2022.10.05"]
[SourceVersion "1"]
[SourceVersionDate "2022.10.05"]
[SourceQuality "1"]

1. d4 Nf6 2. c4 e6 3. Nf3 Bb4+ 4. Bd2 a5 5. a3 Bxd2+ 6. Qxd2 0-0 7. Nc3 d6 8. e3 Nc6 9. Bd3 e5 10. d5 Nb8 11. h3 Qe7 12. Bc2 b6 13. 0-0 Ba6 14. Qe2 Nbd7 15. b4 h6 16. Nd2 Rfe8 17. Ba4 Reb8 18. Nb3 axb4 19. axb4 Bb7 20. e4 Nf8 21. Ra2 Ng6 22. g3 Bc8 23. Kh2 Nh7 24. Rh1 f5 25. Bc6 Rxa2 26. Qxa2 Bd7 27. Qa7 Rc8 28. Bxd7 Qxd7 29. c5 bxc5 30. bxc5 fxe4 31. Nxe4 Qf5 32. Nbd2 Ng5 33. Qa4 dxc5 34. Kg2 Rf8 35. Qc4 Nxe4 36. Nxe4 Qf3+ 37. Kh2 Kh8 38. Re1 Qa3 39. Kg1 Qb4 40. Rc1 Rd8 41. Nxc5 Qxc4 42. Rxc4 Rxd5 43. Ne6 Rd7 44. Nxc7 Kg8 45. Nb5 Kf7 46. Nc3 Ne7 47. Kg2 Rd2 48. Ne4 Rd4 49. Kf3 Rxc4 50. Nd6+ Ke6 51. Nxc4 Nd5 52. Ne3 Nxe3 53. Kxe3 Kf5 54. f3 h5 55. g4+ hxg4 56. fxg4+ Kg5 57. Ke4 Kh4 58. Kxe5 Kxh3 59. Kf4 Kh4 60. g5 g6 61. Kf3 1/2-1/2

[Event "Cattolica Primavera op"]
[Site "Cattolica"]
[Date "2022.03.20"]
[Round "8"]
[White "Meyling, Lennart"]
[Black "Matthes, Aaron"]
[Result "1-0"]
[WhiteElo "2072"]
[BlackElo "2124"]
[PlyCount "73"]
[EventDate "2022.03.16"]
[EventType "swiss"]
[EventRounds "9"]
[EventCountry "ITA"]
[SourceTitle "CBM 207 Extra"]
[Source "ChessBase"]
[SourceDate "2022.05.31"]
[SourceVersion "1"]
[SourceVersionDate "2022.05.31"]
[SourceQuality "1"]

1. d4 Nf6 2. c4 e6 3. Nc3 Bb4 4. e3 0-0 5. Bd3 d5 6. cxd5 exd5 7. Bd2 Bd6 8. Nf3 Re8 9. 0-0 c6 10. Rb1 a5 11. Re1 Ne4 12. Qc2 Bf5 13. Bc1 Nd7 14. a3 Qe7 15. Ne2 Ndf6 16. Ng3 Bg4 17. Nd2 h5 18. f3 Nxg3 19. fxg4 Nxg4 20. hxg3 Bxg3 21. Re2 Bf2+ 22. Rxf2 Nxf2 23. Nf1 Ng4 24. Be2 Qh4 25. Bxg4 hxg4 26. b4 Re6 27. g3 Qh5 28. bxa5 Rh6 29. Nh2 Rxa5 30. Rxb7 Rb5 31. Rxb5 cxb5 32. e4 Re6 33. e5 f6 34. Qc8+ Re8 35. Qxg4 Qh7 36. exf6 g6 37. Nf3 1-0

[Event "Cattolica Primavera op"]
[Site "Cattolica"]
[Date "2022.03.18"]
[Round "5"]
[White "Matthes, Aaron"]
[Black "Poupalos, Nikolaos"]
[Result "1-0"]
[WhiteElo "2124"]
[BlackElo "1971"]
[PlyCount "79"]
[EventDate "2022.03.16"]
[EventType "swiss"]
[EventRounds "9"]
[EventCountry "ITA"]
[SourceTitle "CBM 207 Extra"]
[Source "ChessBase"]
[SourceDate "2022.05.31"]
[SourceVersion "1"]
[SourceVersionDate "2022.05.31"]
[SourceQuality "1"]

1. d4 Nf6 2. c4 e6 3. Nf3 d5 4. Nc3 c6 5. e3 Nbd7 6. Be2 Bd6 7. 0-0 0-0 8. b3 b6 9. Bb2 Bb7 10. Bd3 Qe7 11. Re1 dxc4 12. Bxc4 e5 13. e4 c5 14. d5 a6 15. a4 Nh5 16. g3 g6 17. Nh4 Ng7 18. Qd3 f6 19. Nd1 Qf7 20. Ne3 f5 21. exf5 gxf5 22. f4 exf4 23. Bxg7 fxe3 24. Bxf8 Rxf8 25. Rxe3 b5 26. axb5 axb5 27. Bxb5 Ne5 28. Qe2 Qg7 29. Re1 Ng4 30. Rd3 Be5 31. Nf3 Bf6 32. Qe6+ Kh8 33. Qd7 Qxd7 34. Bxd7 Ba6 35. Rdd1 Bc3 36. Re6 Rf6 37. h3 Rxe6 38. dxe6 Nf6 39. e7 Be2 40. Rd6 1-0